Pays qui finissent par S - Statistiques

Statistiques générales
  • Ce quiz a été pris 183 fois
  • Le résultat moyen est 8 sur 13
Statistiques - réponses
Hint Réponse % Correct
H Honduras
81%
L Laos
79%
P Palaos
71%
E Etats-Unis
70%
C Comores
63%
B Bahamas
62%
P Philippines
62%
E Emirats Arabes unis
61%
S Seychelles
61%
S Saint-Christophe-et-Niévès
52%
S Saint-Vincent-et-les Grenadines
50%
M Maldives
49%
P Pays-Bas
46%
Aucun quiz correspondant
Distribution des résultats
% des personnes avec chaque résultat
Percentile par nombre de réponses
Votre historique - résultats
Vous n’avez pas pris ce quiz